10 Random Missing Countries on a Map - Statistics

General Stats
  • This quiz has been taken 905 times
  • The average score is 8 of 10
Answers on the Map
Answers color-coded by a green-red scale on the quiz's map according to % correct below.
 
Answer Stats
Country % Correct
Afghanistan
100%
Algeria
100%
Angola
100%
Argentina
100%
Australia
100%
Belarus
100%
Bolivia
100%
Brazil
100%
Burkina Faso
100%
Canada
100%
Chile
100%
China
100%
Colombia
100%
Democratic Republic of the Congo
100%
Ecuador
100%
Germany
100%
India
100%
Iran
100%
Japan
100%
Kazakhstan
100%
Libya
100%
Mongolia
100%
Mozambique
100%
Panama
100%
Paraguay
100%
Peru
100%
Poland
100%
Russia
100%
Saudi Arabia
100%
Senegal
100%
South Sudan
100%
Spain
100%
Sudan
100%
Switzerland
100%
Tanzania
100%
Thailand
100%
Ukraine
100%
United Kingdom
100%
United States
100%
Chad
95%
Italy
95%
Kenya
95%
Mexico
95%
Nepal
95%
North Korea
95%
Uruguay
95%
Venezuela
95%
Bulgaria
94%
France
94%
Lesotho
94%
Mauritania
94%
North Macedonia
94%
Portugal
94%
Turkey
94%
Yemen
94%
Bhutan
93%
Botswana
93%
Guyana
93%
Iraq
93%
Egypt
92%
Sri Lanka
92%
Guinea
91%
Hungary
91%
Indonesia
91%
Myanmar
91%
Nicaragua
91%
Austria
90%
Finland
90%
Niger
90%
Ethiopia
89%
Honduras
89%
Mali
89%
Namibia
89%
Nigeria
89%
Republic of the Congo
89%
Togo
89%
Guatemala
88%
Latvia
88%
Morocco
88%
Papua New Guinea
88%
South Africa
88%
Suriname
88%
Sweden
88%
Tunisia
88%
Zimbabwe
88%
Gambia
87%
Pakistan
87%
Slovakia
87%
Belgium
86%
Denmark
86%
Laos
86%
Lithuania
86%
Micronesia
86%
Romania
86%
Uzbekistan
86%
Armenia
85%
Georgia
85%
Kosovo
85%
Sierra Leone
85%
Bosnia and Herzegovina
84%
Cameroon
84%
New Zealand
84%
Serbia
84%
Uganda
84%
Benin
83%
Croatia
83%
Ghana
83%
Guinea-Bissau
83%
Montenegro
83%
Norway
83%
Kyrgyzstan
82%
Rwanda
82%
Central African Republic
81%
Malawi
81%
Oman
81%
Zambia
81%
Costa Rica
80%
Czech Republic
80%
Jordan
80%
Turkmenistan
80%
Dominican Republic
79%
Tajikistan
79%
South Korea
78%
Iceland
77%
Jamaica
77%
Cape Verde
76%
Estonia
76%
Moldova
76%
Cuba
74%
Eswatini
74%
Gabon
73%
Syria
73%
Ivory Coast
72%
Equatorial Guinea
71%
Greece
71%
Ireland
71%
Malaysia
71%
Burundi
70%
Eritrea
70%
Madagascar
70%
Bahamas
67%
Bangladesh
67%
El Salvador
67%
Haiti
67%
Kiribati
67%
Mauritius
67%
Slovenia
67%
Cyprus
65%
Luxembourg
64%
Cambodia
63%
Taiwan
63%
Vietnam
63%
São Tomé and Príncipe
62%
Seychelles
62%
Lebanon
60%
Vanuatu
60%
Azerbaijan
59%
Comoros
59%
Djibouti
58%
Kuwait
57%
Maldives
57%
Netherlands
57%
United Arab Emirates
57%
Albania
55%
Somalia
55%
Tuvalu
55%
Philippines
50%
Tonga
50%
Belize
48%
Qatar
48%
Israel
47%
Liberia
46%
Solomon Islands
45%
Samoa
43%
Marshall Islands
42%
East Timor
40%
Fiji
40%
Palau
40%
Nauru
33%
Malta
32%
Trinidad and Tobago
31%
No matching quizzes found
Score Distribution
Percent of People with Each Score
Percentile by Number Answered
Your Score History
You have not taken this quiz